Music Quiz

Random Music Quiz

Asking Alexandria Song Names Quiz Stats

 Plays Quiz not verified by Sporcle

Support Sporcle.
Go Orange.
Score 0/14 Timer 05:00
0 Plays Today
Part of Lyrics Song Name % Correct
'Oh my god...'The Final Episode
90.5%
'With your face buried in the pillow'Not The American Average
78.3%
'You never said goodbye'A Prophecy
76.4%
'Cross my heart'Alerion
75.8%
'One scream It's over'Hey There Mr. Brooks
59.2%
'Get on your knees, OH.' A Single Moment Of Sincerity
56.2%
InstrumentalHiatus
55.4%
Part of Lyrics Song Name % Correct
'Get the **** away from me'Breathless
54.5%
'With eyes closed, Her heart breaks'A Candlelit Dinner With Inamorta
53.3%
'This is where you die'I Used To Have A Best Friend
51%
'I like too party'When Everyday's The Weekend
50.5%
'I can't believe what I've become'Nobody Don't Dance No More
46.2%
'Cut me from ear to ear'I Was Once Possibly Maybe Perhaps a Cowboy King
39.4%
'Are you telling me you listened?'If You Can't Ride Two Horses At Once...You Should Get Out Of The Circus
37%

You're not logged in!

Compare scores with friends on all Sporcle quizzes.
OR
Log In

From the Vault

YA Book Character Illustrations

by metashades

Some of these characters were our childhood friends.
Remove Ads.
Support Sporcle.
Get the best of Sporcle when you Go Orange. This ad-free experience offers more features, more stats, and more fun while also helping to support Sporcle. Thank you for becoming a member.

Show Comments

Extras

Created Feb 13, 2011ReportNominate
Tags:screamo, Screamo Bands

Top Quizzes Today


Score Distribution

Your Account Isn't Verified!

In order to create a playlist on Sporcle, you need to verify the email address you used during registration. Go to your Sporcle Settings to finish the process.

Report this User

Report this user for behavior that violates our Community Guidelines.

Details: